[Event "GER-ch Youth U12 2019"]
[Site "Willingen"]
[Date "2019.06.13"]
[Round "7.8"]
[White "Breitkopf-Lazar, Patrick-Robert"]
[Black "Amato, Cristiano"]
[Result "1/2-1/2"]
[WhiteElo "1659"]
[BlackElo "1800"]
[Annotator "NA"]
[PlyCount "122"]
[EventDate "2019.06.07"]
[EventType "swiss"]
[EventRounds "9"]
[EventCountry "GER"]
[SourceTitle "playchess.com"]
[Source "ChessBase"]
[SourceQuality "1"]
[TimeControl "40/4500+30:900+30"]

1. e4 {[%emt 0:00:00]} c5 {[%emt 0:00:00]} 2. Nf3 {[%emt 0:00:00]} Nc6 {[%emt 0:00:00]} 3. d4 {[%emt 0:00:00]} cxd4 {[%emt 0:00:00]} 4. Nxd4 {[%emt 0:00:00]} e5 {[%emt 0:00:00]} 5. Nb5 {[%emt 0:00:00]} a6 {[%emt 0:00:00]} 6. Nd6+ {[%emt 0:00:00]} Bxd6 {[%emt 0:00:00]} 7. Qxd6 {[%emt 0:00:00]} Qf6 {[%emt 0:00:00]} 8. Qd1 {[%emt 0:00:00]} Qg6 {[%emt 0:00:00]} 9. Nc3 {[%emt 0:00:00]} d5 {[%emt 0:00:00]} 10. Nxd5 {[%emt 0:00:00]} Qxe4+ {[%emt 0:00:00]} 11. Be3 {[%emt 0:00:00]} Nd4 {[%emt 0:00:00]} 12. Nc7+ {[%emt 0:00:00]} Ke7 {[%emt 0:00:00]} 13. Rc1 {[%emt 0:00:00]} Bg4 {[%emt 0:00:00]} 14. Qd3 {[%emt 0:00:00]} Qxd3 {[%emt 0:00:00]} 15. Bxd3 {[%emt 0:00:00]} Rd8 {[%emt 0:00:00]} 16. f3 {[%emt 0:00:00]} Bc8 {[%emt 0:00:00]} 17. Rd1 {[%emt 0:00:00]} Kd6 {[%emt 0:00:00]} 18. Na8 {[%emt 0:00:00]} Be6 {[%emt 0:00:00]} 19. Nb6 {[%emt 0:08:54]} Kc7 {[%emt 0:00:56]} 20. Na4 {[%emt 0:07:53]} b5 {[%emt 0:03:19]} 21. Nc5 {[%emt 0:02:30]} Bc8 {[%emt 0:00:55]} 22. Kf2 {[%emt 0:23:56]} Ne7 {[%emt 0:05:33]} 23. c3 {[%emt 0:03:16]} Ne6 {[%emt 0:03:28]} 24. a4 {[%emt 0:05:01]} Kc6 {[%emt 0:11:11]} 25. axb5+ {[%emt 0:03:04]} axb5 {[%emt 0:00:16]} 26. b4 {[%emt 0:03:01]} Nd5 {[%emt 0:14:43]} 27. Be4 {[%emt 0:05:59]} Nec7 {[%emt 0:04:06]} 28. g4 {[%emt 0:04:13]} Rd6 {[%emt 0:01:57]} 29. Nd3 {[%emt 0:03:42]} f6 {[%emt 0:01:05]} 30. Bc5 {[%emt 0:00:59]} Rd7 {[%emt 0:02:35]} 31. Rd2 {[%emt 0:02:08]} g6 {[%emt 0:01:07]} 32. Rhd1 {[%emt 0:01:10]} Rhd8 {[%emt 0:06:09]} 33. Nb2 {[%emt 0:08:33]} Ba6 {[%emt 0:01:45]} 34. h3 {[%emt 0:01:49]} Kb7 {[%emt 0:00:58]} 35. Be7 {[%emt 0:01:51]} Rxe7 {[%emt 0:00:52]} 36. Bxd5+ {[%emt 0:00:05]} Rxd5 {[%emt 0:00:27]} 37. Rxd5 {[%emt 0:00:05]} Nxd5 {[%emt 0:00:29]} 38. Rxd5 {[%emt 0:00:02]} Kc6 {[%emt 0:01:08]} 39. Rc5+ {[%emt 0:04:37]} Kb6 {[%emt 0:01:30]} 40. Nd1 {[%emt 0:01:01]} Rc7 {[%emt 0:01:50]} 41. Rxc7 {[%emt 0:16:01]} Kxc7 {[%emt 0:17:25]} 42. Ne3 {[%emt 0:00:00]} Kd6 {[%emt 0:00:00]} 43. Kg3 {[%emt 0:00:00]} Bb7 {[%emt 0:00:00]} 44. Kf2 {[%emt 0:00:00]} Ke6 {[%emt 0:00:00]} 45. Kg3 {[%emt 0:00:00]} f5 {[%emt 0:00:00]} 46. gxf5+ {[%emt 0:00:00]} gxf5 {[%emt 0:00:00]} 47. Kf2 {[%emt 0:00:00]} h5 {[%emt 0:00:00]} 48. Nc2 {[%emt 0:00:00]} f4 {[%emt 0:00:00]} 49. Na3 {[%emt 0:00:00]} Ba6 {[%emt 0:00:00]} 50. Nb1 {[%emt 0:00:00]} Kd5 {[%emt 0:00:00]} 51. Nd2 {[%emt 0:00:00]} Bb7 {[%emt 0:00:00]} 52. Kg2 {[%emt 0:00:00]} Bc6 {[%emt 0:00:00]} 53. Kf2 {[%emt 0:00:00]} Ke6 {[%emt 0:00:00]} 54. Kg2 {[%emt 0:02:02]} Kf5 {[%emt 0:00:00]} 55. Kf2 {[%emt 0:00:17]} e4 {[%emt 0:00:00]} 56. fxe4+ {[%emt 0:00:04]} Bxe4 {[%emt 0:00:00]} 57. c4 {[%emt 0:00:10]} bxc4 {[%emt 0:00:00]} 58. Nxc4 {[%emt 0:00:02]} Ke6 {[%emt 0:00:00]} 59. Nd2 {[%emt 0:01:20]} Bb7 {[%emt 0:00:00] normal} 60. Nf3 {[%emt 0:00:16] normal} Kd5 {[%emt 0:00:00] normal} 61. Ng5 {normal} Bc8 {[%emt 0:00:00] normal} 1/2-1/2

[Event "GER-ch Youth U12 2019"]
[Site "Willingen"]
[Date "2019.06.13"]
[Round "7.9"]
[White "Malchereck, Zion"]
[Black "Guo, Philipp Ziming"]
[Result "1/2-1/2"]
[WhiteElo "1438"]
[BlackElo "1674"]
[Annotator "NA"]
[PlyCount "48"]
[EventDate "2019.06.07"]
[EventType "swiss"]
[EventRounds "9"]
[EventCountry "GER"]
[SourceTitle "playchess.com"]
[Source "ChessBase"]
[SourceQuality "1"]
[TimeControl "40/4500+30:900+30"]

1. e4 {[%emt 0:00:00]} d6 {[%emt 0:00:00]} 2. d4 {[%emt 0:00:00]} Nf6 {[%emt 0:00:00]} 3. Nc3 {[%emt 0:00:00]} g6 {[%emt 0:00:00]} 4. Nf3 {[%emt 0:00:00]} Bg7 {[%emt 0:00:00]} 5. Bc4 {[%emt 0:00:00]} Nxe4 {[%emt 0:00:00]} 6. Nxe4 {[%emt 0:00:00]} d5 {[%emt 0:00:00]} 7. Bd3 {[%emt 0:00:00]} dxe4 {[%emt 0:00:00]} 8. Bxe4 {[%emt 0:00:00]} O-O {[%emt 0:00:00]} 9. Be3 {[%emt 0:00:00]} c6 {[%emt 0:00:00]} 10. c3 {[%emt 0:00:00]} Nd7 {[%emt 0:00:00]} 11. O-O {[%emt 0:00:00]} Qc7 {[%emt 0:01:34]} 12. Rc1 {[%emt 0:00:00]} Nf6 {[%emt 0:06:24]} 13. Bd3 {[%emt 0:02:18]} Nd5 {[%emt 0:05:44]} 14. a3 {[%emt 0:04:06]} Rd8 {[%emt 0:11:13]} 15. Qd2 {[%emt 0:10:15]} Nxe3 {[%emt 0:09:06]} 16. fxe3 {[%emt 0:01:05]} c5 {[%emt 0:03:59]} 17. b4 {[%emt 0:04:20]} b6 {[%emt 0:05:05]} 18. Be4 {[%emt 0:08:59]} Bb7 {[%emt 0:03:53]} 19. Bxb7 {[%emt 0:03:59]} Qxb7 {[%emt 0:00:15]} 20. Ng5 {[%emt 0:00:12]} Bf6 {[%emt 0:05:38]} 21. Nf3 {[%emt 0:02:27]} Qd5 {[%emt 0:06:58]} 22. c4 {[%emt 0:18:04]} Qd7 {[%emt 0:04:53]} 23. Rfd1 {[%emt 0:08:17]} cxb4 {[%emt 0:07:29]} 24. Qxb4 {[%emt 0:04:26]} Qd6 {normal} 1/2-1/2

[Event "GER-ch Youth U12 2019"]
[Site "Willingen"]
[Date "2019.06.13"]
[Round "7.10"]
[White "Rempe, Jonas"]
[Black "von Mettenheim, Johannes"]
[Result "0-1"]
[WhiteElo "1781"]
[BlackElo "1757"]
[Annotator "NA"]
[PlyCount "111"]
[EventDate "2019.06.07"]
[EventType "swiss"]
[EventRounds "9"]
[EventCountry "GER"]
[SourceTitle "playchess.com"]
[Source "ChessBase"]
[SourceQuality "1"]
[TimeControl "40/4500+30:900+30"]

1. e4 {[%emt 0:00:00]} c6 {[%emt 0:00:00]} 2. d4 {[%emt 0:00:00]} d5 {[%emt 0:00:00]} 3. Nd2 {[%emt 0:00:00]} dxe4 {[%emt 0:00:00]} 4. Nxe4 {[%emt 0:00:00]} Bf5 {[%emt 0:00:00]} 5. Ng3 {[%emt 0:00:00]} Bg6 {[%emt 0:00:00]} 6. h4 {[%emt 0:00:00]} h6 {[%emt 0:00:00]} 7. Nf3 {[%emt 0:00:00]} Nd7 {[%emt 0:00:00]} 8. h5 {[%emt 0:00:00]} Bh7 {[%emt 0:00:00]} 9. Bd3 {[%emt 0:00:00]} Bxd3 {[%emt 0:00:00]} 10. Qxd3 {[%emt 0:00:00]} e6 {[%emt 0:00:00]} 11. Bd2 {[%emt 0:00:00]} Ngf6 {[%emt 0:00:00]} 12. O-O-O {[%emt 0:00:00]} Be7 {[%emt 0:00:00]} 13. Kb1 {[%emt 0:00:00]} O-O {[%emt 0:00:00]} 14. Ne4 {[%emt 0:00:00]} Nxe4 {[%emt 0:00:00]} 15. Qxe4 {[%emt 0:00:00]} Nf6 {[%emt 0:00:00]} 16. Qe2 {[%emt 0:00:00]} Qd5 {[%emt 0:00:00]} 17. Rde1 {[%emt 0:00:00]} Rfd8 {[%emt 0:00:00]} 18. g4 {[%emt 0:23:59]} Nxg4 {[%emt 0:09:00]} 19. Reg1 {[%emt 0:03:39]} f5 {[%emt 0:05:03]} 20. Nh2 {[%emt 0:03:19]} Nxh2 {[%emt 0:00:51]} 21. Rxh2 {[%emt 0:00:34]} Kh7 {[%emt 0:02:26]} 22. Qe3 {[%emt 0:07:27]} Qxd4 {[%emt 0:11:26]} 23. Qxe6 {[%emt 0:00:29]} Qf6 {[%emt 0:00:32]} 24. Qe3 {[%emt 0:01:24]} Bc5 {[%emt 0:04:08]} 25. Qc3 {[%emt 0:10:22]} Qxc3 {[%emt 0:01:33]} 26. Bxc3 {[%emt 0:00:02]} Bd4 {[%emt 0:00:50]} 27. Rhg2 {[%emt 0:07:43]} Bxc3 {[%emt 0:00:09]} 28. bxc3 {[%emt 0:00:05]} Rd7 {[%emt 0:00:05]} 29. Rg3 {[%emt 0:02:24]} Re8 {[%emt 0:01:54]} 30. Rf3 {[%emt 0:00:23]} Re5 {[%emt 0:00:34]} 31. Rf4 {[%emt 0:06:45]} Rd6 {[%emt 0:01:40]} 32. Rf3 {[%emt 0:00:23]} g5 {[%emt 0:00:17]} 33. hxg6+ {[%emt 0:02:29]} Rxg6 {[%emt 0:00:07]} 34. Rd1 {[%emt 0:00:08]} Rb5+ {[%emt 0:08:11]} 35. Kc1 {[%emt 0:00:38]} h5 {[%emt 0:00:17]} 36. Re3 {[%emt 0:00:44]} f4 {[%emt 0:02:30]} 37. Re4 {[%emt 0:08:47]} Rf5 {[%emt 0:05:16]} 38. Rdd4 {[%emt 0:04:27]} Rgf6 {[%emt 0:00:31]} 39. f3 {[%emt 0:01:39]} Kg6 {[%emt 0:00:41]} 40. Rd2 {[%emt 0:06:39]} Rd5 {[%emt 0:02:53]} 41. Rxd5 cxd5 42. Re5 {[%emt 0:00:00]} Rf5 {[%emt 0:00:00]} 43. Re7 {[%emt 0:00:00]} h4 {[%emt 0:00:00]} 44. Rxb7 {[%emt 0:00:00]} h3 {[%emt 0:00:00]} 45. Rb1 {[%emt 0:00:00]} h2 {[%emt 0:00:00]} 46. Kd2 {[%emt 0:00:00]} Rg5 {[%emt 0:00:00]} 47. Rh1 {[%emt 0:00:00]} Rg2+ {[%emt 0:00:00]} 48. Kd3 {[%emt 0:00:00]} Kf5 {[%emt 0:00:00]} 49. a4 {[%emt 0:00:00]} Rf2 {[%emt 0:00:00]} 50. Kd4 {[%emt 0:00:00]} Ke6 {[%emt 0:00:00]} 51. c4 {[%emt 0:00:00]} dxc4 {[%emt 0:00:00]} 52. Kxc4 {[%emt 0:00:00]} Rxc2+ {[%emt 0:00:00]} 53. Kd3 {[%emt 0:00:00]} Ra2 {[%emt 0:00:00]} 54. a5 {[%emt 0:00:00]} Kf5 {[%emt 0:00:00]} 55. a6 {[%emt 0:00:00] normal} Kg5 {[%emt 0:00:00]} 56. Ke4 {[%emt 0:00:00] normal} 0-1

[Event "GER-ch Youth U12 2019"]
[Site "Willingen"]
[Date "2019.06.13"]
[Round "7.11"]
[White "Bungarten, Jona"]
[Black "Tomasjan, Samuel"]
[Result "1/2-1/2"]
[WhiteElo "1642"]
[BlackElo "1476"]
[Annotator "NA"]
[PlyCount "36"]
[EventDate "2019.06.07"]
[EventType "swiss"]
[EventRounds "9"]
[EventCountry "GER"]
[SourceTitle "playchess.com"]
[Source "ChessBase"]
[SourceQuality "1"]
[TimeControl "40/4500+30:900+30"]

1. e4 {[%emt 0:00:00]} e6 {[%emt 0:00:00]} 2. d4 {[%emt 0:00:00]} d5 {[%emt 0:00:00]} 3. Nd2 {[%emt 0:00:00]} dxe4 {[%emt 0:00:00]} 4. Nxe4 {[%emt 0:00:00]} Nd7 {[%emt 0:00:00]} 5. Nf3 {[%emt 0:00:00]} Ngf6 {[%emt 0:00:00]} 6. Nxf6+ {[%emt 0:00:00]} Nxf6 {[%emt 0:00:00]} 7. Bg5 {[%emt 0:00:00]} Be7 {[%emt 0:00:00]} 8. Bd3 {[%emt 0:00:00]} Nd7 {[%emt 0:00:00]} 9. Bxe7 {[%emt 0:00:00]} Qxe7 {[%emt 0:00:00]} 10. Qe2 {[%emt 0:00:00]} O-O {[%emt 0:03:23]} 11. O-O-O {[%emt 0:00:00]} c5 {[%emt 0:02:35]} 12. h4 cxd4 {[%emt 0:03:22]} 13. Bxh7+ {[%emt 0:00:15]} Kxh7 {[%emt 0:00:09]} 14. Ng5+ {[%emt 0:00:09]} Kg8 {[%emt 0:04:31]} 15. Rxd4 {[%emt 0:03:19]} Nf6 {[%emt 0:13:45]} 16. h5 {[%emt 0:07:44]} Bd7 {[%emt 0:11:03]} 17. h6 {[%emt 0:02:47]} gxh6 {[%emt 0:01:29]} 18. Qe5 {[%emt 0:05:15]} h5 {[%emt 0:13:18] normal} 1/2-1/2

[Event "GER-ch Youth U12 2019"]
[Site "Willingen"]
[Date "2019.06.13"]
[Round "7.13"]
[White "Zweigait, Leon"]
[Black "Gressler, Christian"]
[Result "1-0"]
[WhiteElo "1474"]
[BlackElo "1416"]
[Annotator "NA"]
[PlyCount "45"]
[EventDate "2019.06.07"]
[EventType "swiss"]
[EventRounds "9"]
[EventCountry "GER"]
[SourceTitle "playchess.com"]
[Source "ChessBase"]
[SourceQuality "1"]
[TimeControl "40/4500+30:900+30"]

1. Nf3 {[%emt 0:00:00]} Nf6 {[%emt 0:00:00]} 2. c4 {[%emt 0:00:00]} e6 {[%emt 0:00:00]} 3. g3 {[%emt 0:00:00]} d5 {[%emt 0:00:00]} 4. Bg2 {[%emt 0:00:00]} Be7 {[%emt 0:00:00]} 5. O-O {[%emt 0:00:00]} O-O {[%emt 0:00:00]} 6. b3 {[%emt 0:00:00]} Nbd7 {[%emt 0:00:00]} 7. Bb2 {[%emt 0:00:00]} c6 {[%emt 0:00:00]} 8. Nc3 {[%emt 0:00:00]} Re8 {[%emt 0:00:00]} 9. e3 {[%emt 0:00:00]} Nf8 {[%emt 0:00:00]} 10. Qe2 {[%emt 0:00:00]} b6 {[%emt 0:00:00]} 11. Rad1 {[%emt 0:00:00]} Bb7 {[%emt 0:02:08]} 12. Ne5 {[%emt 0:00:00]} Ng6 {[%emt 0:02:13]} 13. f4 {[%emt 0:00:00]} Nd7 {[%emt 0:03:03]} 14. Nxd7 {[%emt 0:00:00]} Qxd7 {[%emt 0:00:21]} 15. h4 {[%emt 0:00:00]} Qc7 {[%emt 0:04:01]} 16. h5 {[%emt 0:00:00]} Nf8 {[%emt 0:00:20]} 17. g4 {[%emt 0:00:00]} Bd6 {[%emt 0:03:12]} 18. g5 {[%emt 0:00:00]} g6 {[%emt 0:08:31]} 19. Qg4 {[%emt 0:00:00]} Bc8 {[%emt 0:00:23]} 20. Qh4 {[%emt 0:00:00]} Bd7 {[%emt 0:07:03]} 21. hxg6 {[%emt 0:00:00]} fxg6 {[%emt 0:00:50]} 22. Qh6 {[%emt 0:00:00]} Rad8 {[%emt 0:01:20]} 23. Nxd5 {[%emt 0:00:00] normal} 1-0

[Event "GER-ch Youth U12 2019"]
[Site "Willingen"]
[Date "2019.06.13"]
[Round "7.14"]
[White "Schwartz, Oliver"]
[Black "Hoettler, Alexander Walter"]
[Result "1/2-1/2"]
[WhiteElo "1616"]
[BlackElo "1802"]
[Annotator "NA"]
[PlyCount "54"]
[EventDate "2019.06.07"]
[EventType "swiss"]
[EventRounds "9"]
[EventCountry "GER"]
[SourceTitle "playchess.com"]
[Source "ChessBase"]
[SourceQuality "1"]
[TimeControl "40/4500+30:900+30"]

1. e4 {[%emt 0:00:00]} c5 {[%emt 0:00:00]} 2. Nf3 {[%emt 0:00:00]} Nc6 {[%emt 0:00:00]} 3. d4 {[%emt 0:00:00]} cxd4 {[%emt 0:00:00]} 4. Nxd4 {[%emt 0:00:00]} g6 {[%emt 0:00:00]} 5. c4 {[%emt 0:00:00]} Bg7 {[%emt 0:00:00]} 6. Be3 {[%emt 0:00:00]} Nf6 {[%emt 0:00:00]} 7. Nc3 {[%emt 0:00:00]} O-O {[%emt 0:00:00]} 8. Be2 {[%emt 0:00:00]} d6 {[%emt 0:00:00]} 9. Qd2 {[%emt 0:00:00]} Bd7 {[%emt 0:00:00]} 10. O-O {[%emt 0:00:00]} Nxd4 {[%emt 0:00:00]} 11. Bxd4 {[%emt 0:00:00]} Bc6 {[%emt 0:00:00]} 12. f3 {[%emt 0:00:00]} Nd7 {[%emt 0:00:00]} 13. Be3 {[%emt 0:00:00]} a5 {[%emt 0:01:46]} 14. b3 {[%emt 0:00:00]} Qc7 {[%emt 0:08:20]} 15. Rab1 {[%emt 0:00:00]} Rfe8 {[%emt 0:09:02]} 16. Nd5 {[%emt 0:04:08]} Qd8 {[%emt 0:08:10]} 17. Bh6 {[%emt 0:12:27]} Bxd5 {[%emt 0:02:55]} 18. exd5 {[%emt 0:00:26]} Nc5 {[%emt 0:03:42]} 19. Rfe1 {[%emt 0:11:28]} Qb6 {[%emt 0:08:47]} 20. Be3 {[%emt 0:05:16]} Qb4 {[%emt 0:04:17]} 21. Qc1 {[%emt 0:07:47]} Qc3 {[%emt 0:05:41]} 22. Bf1 {[%emt 0:08:08]} Qxc1 {[%emt 0:00:20]} 23. Rbxc1 {[%emt 0:00:58]} h6 {[%emt 0:01:31]} 24. Rc2 {[%emt 0:01:43]} Kf8 {[%emt 0:03:40]} 25. Rce2 {[%emt 0:01:47]} b6 {[%emt 0:11:19]} 26. g3 {[%emt 0:03:03]} Rab8 {[%emt 0:02:05]} 27. Bh3 {[%emt 0:04:36]} Rb7 {[%emt 0:01:38] normal} 1/2-1/2

[Event "GER-ch Youth U12 2019"]
[Site "Willingen"]
[Date "2019.06.13"]
[Round "7.15"]
[White "Meuer, David"]
[Black "Mueller, Maximilian"]
[Result "1/2-1/2"]
[WhiteElo "1549"]
[BlackElo "1606"]
[Annotator "NA RC"]
[PlyCount "169"]
[EventDate "2019.06.07"]
[EventType "swiss"]
[EventRounds "9"]
[EventCountry "GER"]
[SourceTitle "playchess.com"]
[Source "ChessBase"]
[SourceQuality "1"]
[TimeControl "40/4500+30:900+30"]

1. e4 {[%emt 0:00:00]} c5 {[%emt 0:00:00]} 2. c3 {[%emt 0:00:00]} Nf6 {[%emt 0:00:00]} 3. e5 {[%emt 0:00:00]} Nd5 {[%emt 0:00:00]} 4. d4 {[%emt 0:00:00]} cxd4 {[%emt 0:00:00]} 5. cxd4 {[%emt 0:00:00]} e6 {[%emt 0:00:00]} 6. Nf3 {[%emt 0:00:00]} Nc6 {[%emt 0:00:00]} 7. Bc4 {[%emt 0:00:00]} Nb6 {[%emt 0:00:00]} 8. Bb3 {[%emt 0:00:00]} d5 {[%emt 0:00:00]} 9. O-O {[%emt 0:00:00]} Be7 {[%emt 0:00:00]} 10. Nc3 {[%emt 0:00:00]} Bd7 {[%emt 0:00:00]} 11. Be3 {[%emt 0:00:00]} Na5 {[%emt 0:00:00]} 12. Bc2 {[%emt 0:00:00]} Nac4 {[%emt 0:00:00]} 13. Qc1 {[%emt 0:00:00]} Nxe3 {[%emt 0:00:00]} 14. fxe3 {[%emt 0:04:28]} Nc4 {[%emt 0:00:00]} 15. Ne1 {[%emt 0:11:02]} Rc8 {[%emt 0:02:40]} 16. Nd3 {[%emt 0:01:43]} h6 {[%emt 0:06:24]} 17. Rf3 {[%emt 0:09:57]} Rf8 {[%emt 0:12:35]} 18. Qe1 {[%emt 0:10:14]} b5 {[%emt 0:00:23]} 19. a3 {[%emt 0:00:54]} a5 {[%emt 0:06:16]} 20. b4 {[%emt 0:05:09]} Qc7 {[%emt 0:07:29]} 21. Nc5 {[%emt 0:04:37]} Bxc5 {[%emt 0:04:29]} 22. bxc5 {[%emt 0:00:21]} b4 {[%emt 0:04:21]} 23. axb4 {[%emt 0:00:28]} axb4 {[%emt 0:00:07]} 24. Na2 {[%emt 0:03:57]} Ra8 {[%emt 0:12:45]} 25. Nxb4 {[%emt 0:03:13]} Rxa1 {[%emt 0:00:58]} 26. Qxa1 {[%emt 0:00:11]} Qa5 {[%emt 0:00:33]} 27. Qxa5 {[%emt 0:00:48]} Nxa5 {[%emt 0:00:06]} 28. Bd3 {[%emt 0:02:03]} Ke7 {[%emt 0:00:34]} 29. Rf1 {[%emt 0:01:02]} Rb8 {[%emt 0:00:51]} 30. Rb1 {[%emt 0:02:03]} Rc8 {[%emt 0:01:14]} 31. Nc2 {[%emt 0:04:13]} Nc6 {[%emt 0:00:10]} 32. Rb7 {[%emt 0:01:41]} Rb8 {[%emt 0:03:32]} 33. Rxb8 {[%emt 0:00:32]} Nxb8 {[%emt 0:00:08]} 34. Nb4 {[%emt 0:00:23]} Kd8 {[%emt 0:01:21]} 35. Kf1 {[%emt 0:01:06]} Kc7 {[%emt 0:01:08]} 36. Ke1 {[%emt 0:00:18]} Be8 {[%emt 0:07:40]} 37. Na6+ {[%emt 0:02:35]} Nxa6 {[%emt 0:00:52]} 38. Bxa6 {[%emt 0:00:07]} f6 {[%emt 0:01:26]} 39. exf6 {[%emt 0:00:48]} gxf6 {[%emt 0:00:08]} 40. Kf2 {[%emt 0:01:07]} Bg6 {[%emt 0:01:12]} 41. g4 {[%emt 0:16:11]} Be8 {[%emt 0:18:50]} 42. Bd3 {[%emt 0:01:24]} Bf7 {[%emt 0:00:37]} 43. Kg3 {[%emt 0:01:42]} Kd8 {[%emt 0:01:00]} 44. Kf4 {[%emt 0:01:01]} Be8 {[%emt 0:02:47]} 45. h4 {[%emt 0:01:02]} Ke7 {[%emt 0:00:12]} 46. g5 {[%emt 0:01:38]} hxg5+ {[%emt 0:00:31]} 47. hxg5 {[%emt 0:00:06]} fxg5+ {[%emt 0:00:12]} 48. Kxg5 {[%emt 0:00:08]} Bc6 {[%emt 0:00:11]} 49. Ba6 {[%emt 0:04:27]} Ba4 {[%emt 0:00:20]} 50. Bb7 {[%emt 0:06:14]} Bc2 {[%emt 0:02:16]} 51. Kf4 {[%emt 0:01:21]} Be4 {[%emt 0:00:23]} 52. Ke5 {[%emt 0:01:42]} Kd7 {[%emt 0:01:15]} 53. c6+ {[%emt 0:01:42]} Kc7 {[%emt 0:00:06]} 54. Kxe6 {[%emt 0:00:45]} Bh1 {[%emt 0:00:28]} 55. Ke5 {[%emt 0:01:17]} Be4 {[%emt 0:00:12]} 56. Kf4 {[%emt 0:00:00]} Bd3 {[%emt 0:00:00]} 57. Kf3 {[%emt 0:00:00]} Be4+ {[%emt 0:00:00]} 58. Kf4 {[%emt 0:00:00]} Bd3 {[%emt 0:00:00]} 59. Ke5 {[%emt 0:00:00]} Be4 {[%emt 0:00:00]} 60. Ba6 {[%emt 0:00:00]} Kxc6 {[%emt 0:00:00]} 61. Bc8 {[%emt 0:00:00]} Bg2 {[%emt 0:00:00]} 62. Bf5 {[%emt 0:00:00]} Bf3 {[%emt 0:00:00]} 63. Bd3 {[%emt 0:00:00]} Bg2 {[%emt 0:00:00]} 64. Ke6 {[%emt 0:00:00]} Bf3 {[%emt 0:00:00]} 65. Ke5 {[%emt 0:00:00]} Bg2 {[%emt 0:00:00]} 66. Be2 {[%emt 0:00:00]} Be4 {[%emt 0:00:00]} 67. Bh5 {[%emt 0:01:06]} Bg2 {[%emt 0:00:00]} 68. Bf7 {[%emt 0:00:29]} Be4 {[%emt 0:00:00]} 69. Ke6 {[%emt 0:01:01]} Bf3 {[%emt 0:00:00]} 70. Be8+ {[%emt 0:00:12]} Kc7 {[%emt 0:00:00]} 71. Ba4 {[%emt 0:00:48]} Be4 {[%emt 0:00:00]} 72. Bb3 {[%emt 0:00:22]} Kc6 {[%emt 0:00:00]} 73. Ke5 {[%emt 0:00:18]} Bf3 {[%emt 0:00:00]} 74. Bc2 {[%emt 0:01:44]} Bg2 {[%emt 0:00:00]} 75. e4 {[%emt 0:00:05]} Bxe4 {[%emt 0:00:00]} 76. Bxe4 {[%emt 0:00:06]} dxe4 {[%emt 0:00:00]} 77. Kxe4 {[%emt 0:01:58]} Kd6 {[%emt 0:00:00]} 78. d5 {[%emt 0:00:08]} Kd7 {[%emt 0:00:00]} 79. Ke5 {[%emt 0:00:07]} Ke7 {[%emt 0:00:00]} 80. d6+ {[%emt 0:00:05]} Kd8 {[%emt 0:00:00]} 81. Kf6 {[%emt 0:00:20]} Kd7 {[%emt 0:00:00]} 82. Ke5 {[%emt 0:00:05]} Kd8 {[%emt 0:00:00]} 83. Ke6 {[%emt 0:00:07]} Ke8 {[%emt 0:00:00]} 84. d7+ {[%emt 0:00:07]} Kd8 {[%emt 0:00:00]} 85. Kd6 {[%emt 0:00:11] normal} 1/2-1/2

[Event "GER-ch Youth U12 2019"]
[Site "Willingen"]
[Date "2019.06.14"]
[Round "8.1"]
[White "Kempe, Caius Emilian"]
[Black "Foerster-Yialamas, Lucas"]
[Result "0-1"]
[WhiteElo "1766"]
[BlackElo "1981"]
[Annotator "NA"]
[PlyCount "72"]
[EventDate "2019.06.07"]
[EventType "swiss"]
[EventRounds "9"]
[EventCountry "GER"]
[SourceTitle "playchess.com"]
[Source "ChessBase"]
[SourceQuality "1"]
[TimeControl "40/4500+30:900+30"]

1. d4 {[%emt 0:00:00]} Nf6 {[%emt 0:00:00]} 2. c4 {[%emt 0:00:00]} g6 {[%emt 0:00:00]} 3. f3 {[%emt 0:00:00]} d5 {[%emt 0:00:00]} 4. cxd5 {[%emt 0:00:00]} Nxd5 {[%emt 0:00:00]} 5. e4 {[%emt 0:00:00]} Nb6 {[%emt 0:00:00]} 6. Nc3 {[%emt 0:00:00]} Bg7 {[%emt 0:00:00]} 7. Be3 {[%emt 0:00:00]} O-O {[%emt 0:00:00]} 8. Qd2 {[%emt 0:00:00]} Nc6 {[%emt 0:00:00]} 9. O-O-O {[%emt 0:00:00]} e5 {[%emt 0:00:00]} 10. d5 {[%emt 0:00:00]} Ne7 {[%emt 0:00:00]} 11. h4 {[%emt 0:00:00]} f5 {[%emt 0:00:00]} 12. exf5 {[%emt 0:00:00]} Nxf5 {[%emt 0:00:00]} 13. Bg5 {[%emt 0:00:00]} Bf6 {[%emt 0:00:00]} 14. Nh3 {[%emt 0:00:00]} Ng3 {[%emt 0:02:18]} 15. Rh2 {[%emt 0:00:00]} Nxf1 {[%emt 0:02:16]} 16. Rxf1 {[%emt 0:00:00]} Bxh3 {[%emt 0:00:39]} 17. Rxh3 {[%emt 0:00:01]} Bxg5 {[%emt 0:00:14]} 18. hxg5 Nc4 {[%emt 0:00:32]} 19. Qe2 {[%emt 0:01:30]} Qxg5+ {[%emt 0:00:22]} 20. Kb1 {[%emt 0:02:55]} Nd2+ {[%emt 0:00:06]} 21. Ka1 {[%emt 0:00:14]} Nxf1 {[%emt 0:00:26]} 22. Qxf1 {[%emt 0:00:40]} Rad8 {[%emt 0:03:58]} 23. Qh1 {[%emt 0:01:05]} Rf7 {[%emt 0:03:19]} 24. Ne4 {[%emt 0:00:54]} Qf5 {[%emt 0:01:01]} 25. g4 {[%emt 0:00:41]} Qd7 {[%emt 0:03:09]} 26. d6 {[%emt 0:02:04]} cxd6 {[%emt 0:01:15]} 27. Ng5 {[%emt 0:00:55]} Rc8 {[%emt 0:01:03]} 28. Nxf7 {[%emt 0:01:12]} Qxf7 {[%emt 0:00:10]} 29. Qd1 {[%emt 0:01:08]} Qc4 {[%emt 0:01:06]} 30. Rh1 {[%emt 0:00:17]} d5 {[%emt 0:00:39]} 31. a3 {[%emt 0:00:27]} d4 {[%emt 0:00:21]} 32. Re1 {[%emt 0:00:26]} Qd5 {[%emt 0:00:30]} 33. Qe2 {[%emt 0:00:34]} d3 {[%emt 0:00:44]} 34. Qd2 {[%emt 0:00:30]} Rc2 {[%emt 0:00:31]} 35. Qe3 {[%emt 0:00:51]} d2 {normal} 36. Rd1 {[%emt 0:00:07]} Qb5 {[%emt 0:00:07]} 0-1